• 首页
  • 本馆介绍
  • 公告通知
  • 最新文献
  • 馆藏检索
  • 电子资源
  • 读者导购
  • 参考咨询
  • 我的图书馆
  • 登录
  • 详细信息显示
  • 放入我的书架
  • 预约/预借图书
  • 作者相关作品
  • 分类相关作品
  • 丛书相关作品
  • 出版社相关作品

书目信息

  • 表格格式
  • 工作单格式
  • 卡片格式
题名:
汽车拖拉机发电机调节器
    
 
作者: 刘祖毅 著
分册:  
出版信息: 北京   中国农业机械出版社  1981.10
页数: 131页
开本: 20cm
丛书名:
单 册:
中图分类: U464.336
科图分类:
主题词: 汽车工程
电子资源:
ISBN:
000 00545nam0 2200193 45
001 0312221749
005 20060815174933.09
010    @dCNY0.38
091    @a15216.079
100    @a20031222d1981 km y0chiy0120 ea
101    @achi
200 1  @a汽车拖拉机发电机调节器@Aqi che tuo la ji fa dian ji diao jie qi@f刘祖毅著@FLiu Zu Yi Zhu
210    @a北京@c中国农业机械出版社@d1981.10
215    @a131页@c图@d20cm
606 0  @a汽车工程
690    @aU464.336@v3
701 0  @a刘祖毅@4著
801    @aCN@bTSTCL@c20060815
905    @dU464.336@e174@f1@b73659
    
    汽车拖拉机发电机调节器/刘祖毅著.-北京:中国农业机械出版社,1981.10
    131页:图;20cm
    
    
    ISBN :CNY0.38
    
●
相关链接 在E读中查询图书 在五车中查询图书 在当当中查询图书 在豆瓣中查询图书


正题名:汽车拖拉机发电机调节器     索取号:U464.336/174         预约/预借

序号 登录号 条形码 馆藏地/架位号 状态 备注
1 0073659   001483399   第三借阅区/ [索取号:U464.336/174] 在馆    
2 0073660   001483406   第二样本阅览室/ [索取号:U464.336/174] 在馆    
3 0458527   204585270   密集书库/ [索取号:U464.336/174] 在馆    
唐山师范学院图书馆 欢迎您!
大连网信软件有限公司© 版权所有